000 00685cam a22002054a 4500
020 _a158826324X (hardcover : alk. paper)
020 _a1588263495 (pbk. : alk. paper)
040 _cDLC
082 0 0 _a331 LYN 2005 A014 Or.
245 0 0 _aChild labor and human rights :
_bmaking children matter /
260 _aBoulder, Colo. :
_bLynne Rienner Publishers,
_c2005.
300 _axxv, 539 p. ;
_c24 cm.
500 _aSimultaneously published in the U.K.
650 0 _aChild labor.
650 0 _aHuman rights.
700 1 _aWeston, Burns H.,
856 4 1 _uhttp://www.loc.gov/catdir/toc/ecip0512/2005011011.html
856 4 2 _uhttp://www.h-net.org/review/hrev-a0f5d4-aa
942 _cEK
999 _c13040
_d13040